000 00522nmm a2200169Ia 4500
008 251105s9999||||xx |||||||||||||||||und||
020 _a9789681675752
041 _aspa
100 _aPrieto de Castro, Carlos
245 0 _aAventuras de un duende en el mundo de las matemáticas
264 _a[México D.C., Mexico] :
_bFondo de Cultura Económica,
_c2013
300 _a161 páginas
490 _aLa Ciencia para Todos
650 _aSciences
856 _uhttps://public.digitaliapublishing.com/a/43264
942 _cCF
999 _c97018
_d97018